000 00612nam a2200181Ia 4500
008 100920s9999 xx 000 0 und d
082 _b56642
_a24 थ 90
100 _aदेशपांडे कृ.पं.
245 _aराम जीवींचा विसावा.
260 _bअंजली प्रकाशन, पुणे.
_c1990
300 _a120
_bसाधी
365 _b40
520 _aसायो.
630 _aराम जीवींचा विसावा.
650 _aसायो.
730 _aराम जीवींचा विसावा.
942 _cBOOK
999 _c700688
_d700685